00649nam a2200229Ia 4500008004100000020002200041050001800063050001700081100002300098245006800121245002200189260001700211260001900228260000900247300001600256300002600272300001200298440004400310500002000354650002900374650001600403160303s9999 xx 000 0 und d a978-0-13-245866-5 aMAIN HF 5686  b.H75H35 2011 aHales, Jonathan A. aAccounting and financial analysis In the hospitality industry / cJonathan A. Hales aNew Jersey : bPrentice Hall. c2011 a297 pages : bcolor illustrations ; c24 cm.  aHospitality management essential series aIncludes index. aHospitality industry --  xAccounting.